000 00528nam a22001817a 4500
003 CEME
005 20210628202530.0
008 210209b xxu||||| |||| 00| 0 eng d
020 _a1-55558-253-2
040 _c.
082 _a005.4469 MAU
100 _aBeebe, Milton Mauler, Gary
_960375
245 _aClustering windows servers, a road map for enterprise solutions
260 _aBOSTON
_bDIGITAL PRESS
_c2002
300 _aXIX,299P
650 _aCLUSTER NETWORKING; CLUSTER SYSTEM ARCHITECTURE
_960376
942 _cBK
_2ddc
999 _c570112
_d570112